|
|
|
|
| LEADER |
00000naa2a2200000 4500 |
| 001 |
139031 |
| 005 |
20231031141624.0 |
| 035 |
|
|
|a (RuTPU)RU\TPU\book\150635
|
| 090 |
|
|
|a 139031
|
| 100 |
|
|
|a 20080602d2005 k y0rusy50 ca
|
| 101 |
0 |
|
|a rus
|
| 102 |
|
|
|a RU
|
| 200 |
1 |
|
|a Традиционная и современная массовая культура Китая
|f М. С. Гайворонская
|
| 463 |
|
0 |
|0 (RuTPU)RU\TPU\book\118298
|t Актуальные проблемы гуманитарных наук
|o труды IV международной научно-практической конференции студентов, аспирантов и молодых ученых, 20-21 апреля 2005, Томск
|f Томский политехнический университет
|v С. 32-34
|d 2005
|p 458 с.
|
| 610 |
1 |
|
|a Китай
|
| 610 |
1 |
|
|a массовая культура
|
| 610 |
1 |
|
|a традиции
|
| 610 |
1 |
|
|a культура
|
| 610 |
1 |
|
|a китайцы
|
| 610 |
1 |
|
|a труды учёных ТПУ
|
| 700 |
|
1 |
|a Гайворонская
|b М. С.
|
| 801 |
|
1 |
|a RU
|b 63413507
|c 20080602
|g PSBO
|
| 942 |
|
|
|c BK
|